Statistics for BLT Ingredients

Click here to take the quiz!

General Stats

  • This quiz has been taken 38 times
  • The average score is 5 of 5

Answer Stats

Ingredients% Correct
Bacon
100%
Lettuce
100%
Tomato
100%
Bread
94%
Mayonnaise
89%

Score Distribution

Percentile by Number Answered

Percent of People with Each Score

Your Score History

You have not taken this quiz